Eastern Utah Libraries Catalog: Duchesne, Heber, Roosevelt, & Vernal

PBS Kids: Let's Go on a Trip (Record no. 409239)

MARC details
000 -LEADER
fixed length control field 01468ngm a22003492a 4500
001 - CONTROL NUMBER
control field on1514865507
003 - CONTROL NUMBER IDENTIFIER
control field MWT
005 - DATE AND TIME OF LATEST TRANSACTION
control field 20250620133504.0
007 - PHYSICAL DESCRIPTION FIXED FIELD--GENERAL INFORMATION
fixed length control field vd cvaizs
008 - FIXED-LENGTH DATA ELEMENTS--GENERAL INFORMATION
fixed length control field 250620s2025 xxu220 j vleng d
020 ## - INTERNATIONAL STANDARD BOOK NUMBER
International Standard Book Number 9781531717728 :
Terms of availability $9.99
024 1# - OTHER STANDARD IDENTIFIER
Standard number or code 841887049795
028 42 - PUBLISHER NUMBER
Publisher number 17732017
040 ## - CATALOGING SOURCE
Original cataloging agency Midwest
Description conventions rda
092 ## - LOCALLY ASSIGNED DEWEY CALL NUMBER (OCLC)
Classification number children movie
245 00 - TITLE STATEMENT
Title PBS Kids: Let's Go on a Trip
Medium [videorecording].
250 ## - EDITION STATEMENT
Edition statement Widescreen ed.
260 ## - PUBLICATION, DISTRIBUTION, ETC. (IMPRINT)
Place of publication, distribution, etc [United States] :
Name of publisher, distributor, etc Pbs,
Date of publication, distribution, etc 2025.
264 ## - Production, Publication, Distribution, Manufacture, and Copyright Notice.
Place of production, publication, distribution, manufacture [United States] :
Name of producer, publisher, distributor, manufacturer PBS,
Date of production, publication, distribution, manufacture, or copyr 2025.
300 ## - PHYSICAL DESCRIPTION
Extent 1 videodisc (ca. 220 min.) :
Other physical details sd., col. ;
Dimensions 4 3/4 in.
500 ## - GENERAL NOTE
General note 05/13/2025
520 ## - SUMMARY, ETC.
Summary, etc From local destinations to out-of-town adventures, take a trip with favorite PBS KIDS friends! Daniel Tiger and friends plan a day trip to the library. The Loops kids get excited about the outdoors while on a family camping trip. Rosie goes to the country with Tía to see blue bonnets. Molly and Grandpa Nat journey to visit an old friend. The Wild Kratts go on an expedition to the Gobi Desert. The Wombats visit Great Uncle Duper, and much, much more.
521 8# - TARGET AUDIENCE NOTE
Target audience note TV rating: TV-Y.
538 ## - SYSTEM DETAILS NOTE
System details note DVD.
546 ## - LANGUAGE NOTE
Language note English audio.
546 ## - LANGUAGE NOTE
Language note English subtitles for the deaf and hard of hearing.
650 #4 - SUBJECT ADDED ENTRY--TOPICAL TERM
Topical term or geographic name as entry element Children's films.
650 #4 - SUBJECT ADDED ENTRY--TOPICAL TERM
Topical term or geographic name as entry element Preschool.
655 #4 - INDEX TERM--GENRE/FORM
Genre/form data or focus term Children's.
856 7# - ELECTRONIC LOCATION AND ACCESS
Materials specified View cover art
Uniform Resource Identifier <a href="https://thumbnail.midwesttape.com/17732017_180.jpg">https://thumbnail.midwesttape.com/17732017_180.jpg</a>
Access method https
942 ## - ADDED ENTRY ELEMENTS (KOHA)
Source of classification or shelving scheme Dewey Decimal Classification
Koha item type DVD
Holdings
Withdrawn status Lost status Source of classification or shelving scheme Damaged status Not for loan Collection code Home library Current library Shelving location Date acquired Source of acquisition Total Checkouts Total Renewals Full call number Barcode Date last seen Date checked out Cost, replacement price Price effective from Koha item type
    Dewey Decimal Classification     Children Movies Wasatch County Library Wasatch County Library Audio Visual Area 06/20/2025 Midwest Tape 1 1 E Movie PBS Kids 34301002158626 07/05/2025 06/25/2025 9.99 06/20/2025 DVD
This project was made possible through a grant from the Institute of Museum and Library Service administered by the Utah State Library Division.

Wasatch County Library

  • 465 East 1200 South, Heber City, Utah 84032
  • Phone 435-654-1511 | Fax 435-654-6456

Hours

  • Monday - Friday 9:30 AM - 8:00 PM
  • Saturday 9:30 AM - 1:30 PM
  • Closed Sundays and Holidays